00465nam a2200181Ia 4500003000400000005001700004008004100021020002200062040000700084041000800091082002200099100002300121245005000144260004800194300001100242365001600253650001400269OSt20230503105432.0210423s2019 xx 000 0 und d a978-1-108-73800-2 cAL aeng a330.03 223bHODE aHODGSON (Geoffrey) aEvolutionary economics: its nature and future aNew DelhibCambridge University Pressc2019 a55bPB b1561.5cGBP aEconomics